000 02464nam a2200373 a 4500
003 CO-PeBPR
005 20260423080515.0
008 260415e2024 ck a|||| n||| 00| 0 spa c
020 _a9789587927788
040 0 _aCO-PeBPR
_bspa
_cCO-PeBPR
_erda
041 0 _hspa
082 0 4 _a371.94 C921a
100 1 _aCrespo Cortés, Celia Nohemí
_eautora
245 1 0 _aAutismo y nuevas tecnologías
_b: Herramientas para una vida de calidad
_c/ Celia Nohemí Crespo Cortés, José Rafael Cortés León ; colaboración de Emilio Soria, Jaime Duque Domingo, Eduardo Zalama Casanova, Jaime Gómez García-Bermejo
250 _aEdición especial
264 1 _aBogotá, Colombia
_b: Ediciones de la U
_c, 2024
300 _a186 páginas
_b: ilustraciones, fotografías en blanco y negro
_c; 21 centímetros
336 _atexto
_btxt
_crdacontenido
337 _asin mediación
_bn
_2rdamedio
338 _avolumen
_bnc
_2rdasoporte
490 _aPlan Nacional de Lectura, Escritura y Oralidad / Ministerio de las Culturas, Las Artes y los Saberes
520 _aEste libro ofrece una mirada completa a la relación entre el TEA y la tecnología. En sus páginas se encuentra información detallada sobre cómo la tecnología puede ser utilizada para mejorar la vida de las personas con la condición en áreas como la comunicación, la educación y el tratamiento. A través de ejemplos concretos y estudios de casos, descubrirás cómo la tecnología está siendo utilizada para ayudar a las personas con TEA a superar algunos de sus mayores desafíos. Aprenderás acerca de herramientas útiles como las aplicaciones de apoyo a la lectura y la escritura, los juegos y aplicaciones educativas y los dispositivos de seguimiento y monitoreo. También, se explorará la realidad virtual, visión e inteligencia artificial y cómo estas tecnologías están siendo utilizadas para mejorar el tratamiento del TEA... Tomado de la contracubierta del libro.
521 _aRecomendado para jóvenes y adultos.
650 1 4 _2LEMB
_aEducación especial
_xInnovaciones tecnológicas
650 1 4 _2LEMB
_aTrastornos del aprendizaje
650 1 4 _2LEMB
_aAutismo
650 1 4 _2LEMB
_aEducación para niños autista
700 1 _aCortés León, José Rafael
_eautor
700 1 _aSoria, Emilio
_ecolaborador
700 1 _aDuque Domingo, Jaime
_ecolaborador
700 1 _aZalama Casanova, Eduardo
_ecolaborador
700 1 _aGómez García-Bermejo, Jaime
_ecolaborador
942 _2ddc
_cBK
999 _c17758
_d17758